The Hits Of David Bowie - Statistics

General Stats
  • This quiz has been taken 61 times
  • The average score is 9 of 15
Answer Stats
Hint Answer % Correct
Ashes - To Ashes
93%
Modern - Love
91%
Diamond - Dogs
89%
Rock And Roll - Suicide
72%
Sound - And Vision
70%
Wild Is The - Wind
65%
Life - On Mars
63%
Drive - In - Saturday
63%
Absolute - Beginners
61%
The Laughing - Gnome
61%
Blue - Jean
57%
Boys - Keep Swinging
43%
Loving - The Alien
43%
Where Are - We Now
33%
Jump - They Say
26%
No matching quizzes found
Score Distribution
Percent of People with Each Score
Percentile by Number Answered
Your Score History
You have not taken this quiz